000 00642nam a22001811a 4500
001 19315
003 OSt
005 20260204212448.0
008 190426s2016||||spa||||||b||||||||||spa||
020 _a9788497293648
082 _a796.332 077 D542t
100 _aDíaz Infantes, Iván Rafael
245 _aTareas para el entrenamiento técnico-táctico en fútbol base:materiales adecuados para la formación de técnicos deportivos en fútbol/Iván Rafael Díaz Infantes, Antonio Sergio Piernas Cárdenas
264 _aBarcelona, España:INDE
300 _a141 Páginas
650 _aDeporte 2.Fútbol 3.EntrenamientoÌ
942 _2ddc
_cBK
999 _c19315
_d19315